ՀՀ Գիտությունների ազգային ակադեմիայի հիմնարար գիտական գրադարան  =   Fundamental Scientific Library of NAS RA

Անօրգանական քիմիա : (Record no. 132909)

MARC details
000 -LEADER
fixed length control field 01261nam a2200241 u 4500
001 - CONTROL NUMBER
control field 000348312
003 - CONTROL NUMBER IDENTIFIER
control field AM-YeHGA
005 - DATE AND TIME OF LATEST TRANSACTION
control field 20250618072159.0
008 - FIXED-LENGTH DATA ELEMENTS--GENERAL INFORMATION
fixed length control field 040701s1979 ai r 000 0 arm d
040 ## - CATALOGING SOURCE
Original cataloging agency AM-YeHGA
041 1# - LANGUAGE CODE
Language code of text/sound track or separate title arm
Language code of original rus
090 ## - LOCALLY ASSIGNED LC-TYPE CALL NUMBER (OCLC); LOCAL CALL NUMBER (RLIN)
-- 134276
100 1# - MAIN ENTRY--PERSONAL NAME
Personal name Պետրով, Միխայել Միխայլովիչ
245 10 - TITLE STATEMENT
Title Անօրգանական քիմիա :
Remainder of title Ուս. ձեռնարկ միջն. մասնագիտ. ուս. հաստատ. քիմ. մասնագիտ. համար /
Statement of responsibility, etc. Մ.Մ. Պետրով, Լ.Ա. Միխիլյով, Յու.Ն. Կուկուշկին; Խմբ.՝ Յու.Ն. Կուկուշկին, Ի. Պողոսյան; Թարգմ.՝ Լ.Ե. Տեր-Մինասյան, Մ.Հ. Հարությունյան.
260 ## - PUBLICATION, DISTRIBUTION, ETC.
Place of publication, distribution, etc. Երևան :
Name of publisher, distributor, etc. Լույս,
Date of publication, distribution, etc. 1979.
300 ## - PHYSICAL DESCRIPTION
Extent 592 էջ :
Other physical details նկ., աղս. ;
Dimensions 20 սմ.
650 14 - SUBJECT ADDED ENTRY--TOPICAL TERM
Topical term or geographic name entry element Քիմիա
General subdivision Անօրգանական
Form subdivision Ձեռնարկ
700 1# - ADDED ENTRY--PERSONAL NAME
Personal name Միխիլյով, Լեյբ Արոնովիչ
700 1# - ADDED ENTRY--PERSONAL NAME
Personal name Կուկուշկին, Յուրի Նիկոլաևիչ
Relator term հեղ.
Relationship aut
Relator term խմբ.
Relationship edt
700 1# - ADDED ENTRY--PERSONAL NAME
Personal name Պողոսյան, Ի.
Relator term խմբ.
Relationship edt
700 1# - ADDED ENTRY--PERSONAL NAME
Personal name Տեր-Մինասյան, Լիլի Երվանդի,
Dates associated with a name 1921-1998
Relator term թարգմ.
Relationship trl
9 (RLIN) 2832
700 1# - ADDED ENTRY--PERSONAL NAME
Personal name Հարությունյան, Մ.Հ.
Relator term թարգմ.
Relationship trl
Holdings
Withdrawn status Lost status Damaged status Not for loan Collection Home library Current library Date acquired Total checkouts Full call number Barcode Date last seen Price effective from Koha item type Public note
        General Fundamental Scientific Library Fundamental Scientific Library 22/12/2016   546(075.8) 220062400 22/12/2016 22/12/2016 Գրքեր / Books 30 Days Loan
        General Fundamental Scientific Library Fundamental Scientific Library 22/12/2016   546(075.8) 220062732 22/12/2016 22/12/2016 Գրքեր / Books 30 Days Loan
        General Fundamental Scientific Library Fundamental Scientific Library 22/12/2016   546(075.8) 220062733 22/12/2016 22/12/2016 Գրքեր / Books 30 Days Loan
        General Fundamental Scientific Library Fundamental Scientific Library 22/12/2016   546(075.8) 220063119 22/12/2016 22/12/2016 Գրքեր / Books 30 Days Loan


ՀՀ ԳԱԱ հիմնարար գիտական գրադարան
ՀՀ,Երևան 0019
Մարշալ Բաղրամյան 24/6
հեռախոս:(374-10) 52-47-50
Հետադարձ կապ

All site content, except where otherwise noted, is licensed under a
Creative Commons License